000 00481nam a2200169Ia 4500
008 210210b1989 xxu||||| |||| 00| 0 eng d
020 _a81 207 1011 8
082 _a658.4563 SMIM
100 _aSMITH (Leonard Seymour).
245 _aMaking your meetings more effective checklist and guide.
250 _a
260 _aNew Delhi.
_bSterling Publishers Pvt., Ltd.,
_c1989
300 _a119
650 _aMeetings Effective
690 _aExecutive Managemen
906 _a04503
999 _c94158
_d94158